| 000 | 00435nam a2200181Ia 4500 | ||
|---|---|---|---|
| 008 | 230524s9999 xx 000 0 und d | ||
| 020 | _a9788183330480 | ||
| 082 |
_a5.133 _bSRI |
||
| 100 | _aS.K. Srivastava | ||
| 245 | 0 | _aC in Depth | |
| 250 | _a3 | ||
| 260 |
_aNew Delhi _bBPB Publication _c2021 |
||
| 300 | _a"xvi,496p;" | ||
| 500 | _aQuantity Number: 10 | ||
| 650 | _aComp Sc. | ||
| 700 | _aDeepali Srivastava | ||
| 942 | _cBK | ||
| 999 |
_c60647 _d60647 |
||